Peeping inside the body / (Record no. 43026)

MARC details
000 -LEADER
fixed length control field 00721nam a22002177a 4500
005 - DATE AND TIME OF LATEST TRANSACTION
control field 20100823151153.0
010 ## - LCCN (DPL NO)
LC control number ENG-101280
020 ## - INTERNATIONAL STANDARD BOOK NUMBER
International Standard Book Number 9788189289164
Terms of availability 400.00
035 ## - SYSTEM CONTROL NUMBER
System control number EN-84813
037 ## - SOURCE OF ACQUISITION
Source of stock number/acquisition DBAD/PUB
082 ## - DEWEY DECIMAL CLASSIFICATION NUMBER
Classification number 610
100 ## - MAIN ENTRY--PERSONAL NAME
Personal name Ballal, H.S.
245 ## - TITLE STATEMENT
Title Peeping inside the body /
Statement of responsibility, etc by Ballal H.S. [and] P.D.Gupta
260 ## - PUBLICATION, DISTRIBUTION, ETC. (IMPRINT)
Place of publication, distribution, etc Jaipur
Name of publisher, distributor, etc Capricorn Publishing House
Date of publication, distribution, etc 2008
270 ## - ADDRESS
Address 4/363, Malviya Nagar
City Jaipur
Postal code 302017
300 ## - PHYSICAL DESCRIPTION
Extent 160p.:
Other physical details ill.
Dimensions 22cm (Hb)
Accompanying material b&w photos
500 ## - GENERAL NOTE
General note Includes index
700 ## - ADDED ENTRY--PERSONAL NAME
Personal name Gupta, P.D.
9 (RLIN) 1331
942 ## - ADDED ENTRY ELEMENTS (KOHA)
Source of classification or shelving scheme Dewey Decimal Classification
Item type English Books
Classification part 610
Call number suffix BAL
Holdings
Withdrawn status Lost status Not for loan Collection code Home library Current library Date acquired Source of acquisition Cost, normal purchase price Full call number Barcode Copy number Cost, replacement price Koha item type
    Not For Loan Non-fiction D.B.Act.Division D.B.Act.Division 23/08/2010 DBAD/PUB 400.00 610 BAL EN-84813 1 400.00 English Books

© Delhi Public Library
Hit Counter
free hit counter